Central Library OPAC University of Rajshahi

শিক্ষাভাবনা / (Record no. 46910)

MARC details
000 -LEADER
fixed length control field 00750nam a2200229 a 4500
001 - CONTROL NUMBER
control field 46910
003 - CONTROL NUMBER IDENTIFIER
rucl marc code BD-RjUL
005 - DATE AND TIME OF LATEST TRANSACTION
control field 20211209054228.0
008 - FIXED-LENGTH DATA ELEMENTS--GENERAL INFORMATION
fixed length control field 160806s2001 bg ||||| |||| 00| 0 ben d
020 ## - INTERNATIONAL STANDARD BOOK NUMBER
International Standard Book Number 9847290121
035 ## - SYSTEM CONTROL NUMBER
System control number (BD-RjUL)47029
040 ## - CATALOGING SOURCE
Original cataloging agency BD-RjUL
Language of cataloging ben
Transcribing agency BD-RjUL
Modifying agency BD-RjUL
041 ## - LANGUAGE CODE
Language code of text/sound track or separate title ben
082 ## - DEWEY DECIMAL CLASSIFICATION NUMBER
Classification number 370
Edition number 23
Author mark and year ISS 2001
100 ## - MAIN ENTRY--PERSONAL NAME
Personal name ইসলাম, শহিদু্ল
9 (RLIN) 119329
245 ## - TITLE STATEMENT
Title শিক্ষাভাবনা /
Statement of responsibility, etc. শহিদু্ল ইসলাম
260 ## - PUBLICATION, DISTRIBUTION, ETC. (IMPRINT)
Place of publication, distribution, etc. ঢাকা :
Name of publisher, distributor, etc. শিক্ষাবার্ত প্রকাশন,
Date of publication, distribution, etc. ২০০১
300 ## - PHYSICAL DESCRIPTION
Pagination ১৮০ পৃ. ;
Size ২২ সেমি
650 ## - SUBJECT ADDED ENTRY--TOPICAL TERM
Topical term or geographic name as entry element শিক্ষা
9 (RLIN) 142896
Topical term or geographic name as entry element Education
9 (RLIN) 142897
942 ## - ADDED ENTRY ELEMENTS (KOHA)
Source of classification or shelving scheme Dewey Decimal Classification
Koha item type Books
Holdings
Lost status Source of classification or shelving scheme Damaged status Not for loan Collection code Permanent Location Current Location Shelving location Date acquired Source of acquisition Cost, normal purchase price Total Checkouts Full call number Date last seen Date checked out Copy number Koha item type Total Renewals
  Dewey Decimal Classification     Non-fiction Central Library, University of Rajshahi Central Library, University of Rajshahi   10/05/2001 R.U. Education and Research Institute 200.00 1 B 370 ISS 2001 16/06/2022 02/06/2022 C-2 Books  
  Dewey Decimal Classification     Non-fiction Central Library, University of Rajshahi Central Library, University of Rajshahi   10/05/2001 R.U. Education and Research Institute 200.00   B 370 ISS 2001 06/08/2016   C-3 Books  
  Dewey Decimal Classification     Non-fiction Central Library, University of Rajshahi Central Library, University of Rajshahi   10/05/2001 R.U. Education and Research Institute 200.00   B 370 ISS 2001 06/08/2016   C-4 Books  
  Dewey Decimal Classification     Non-fiction Central Library, University of Rajshahi Central Library, University of Rajshahi   10/05/2001 R.U. Education and Research Institute 200.00   B 370 ISS 2001 06/08/2016   C-5 Books  
  Dewey Decimal Classification     Non-fiction Central Library, University of Rajshahi Central Library, University of Rajshahi   10/05/2001 R.U. Education and Research Institute 200.00   B 370 ISS 2001 06/08/2016   C-6 Books  
  Dewey Decimal Classification     Non-fiction Central Library, University of Rajshahi Central Library, University of Rajshahi   10/05/2001 R.U. Education and Research Institute 200.00   B 370 ISS 2001 10/08/2016   C-7 Books  
  Dewey Decimal Classification   Not For Loan Non-fiction Central Library, University of Rajshahi Central Library, University of Rajshahi Reading Room 10/05/2001 R.U. Education and Research Institute 200.00   B 370 ISS 2001 27/12/2016   C-1 Books  
  Dewey Decimal Classification     Non-fiction Central Library, University of Rajshahi Central Library, University of Rajshahi   09/05/2001 R.U. Education and Research Institute 200.00 1 B 370 ISS 2001 10/03/2019 28/10/2018 C-8 Books 1